Представление документа в формате MARC21

Поле Инд. ПП Название Значение
Тип записи a
Библиографический уровень b
001 Контрольный номер e82f61b219364e0a929c1efbff4f7268
005 Дата корректировки 20260526102609.2
024 80 a Стандартный номер 10.1107/S1600576726001986
040 a Служба первич. каталог. Scopus
b Код языка каталог. eng
041 0_ a Код языка текста eng
097 a Костяева О.Г.
100 1_ a Автор Sumnikov S. V.
100 1_ a Автор Yapryntsev M.
100 1_ a Автор Vasin R. N.
100 1_ a Автор Balagurov D. A.
100 1_ a Автор Milkov V. M.
100 1_ a Автор Balagurov A. M.
c Титул (звания) профессор (ученое звание); доктор физико-математических наук; профессор (должность);
i 100093204
g Прочие сведения РИНЦ AuthorID: 307 (http://elibrary.ru/author_profile.asp?id= 307); SPIN-код: 9097-4000 (http://elibrary.ru/author_items.asp?authorid=307); Scopus Author ID: 7006758479 (https://www.scopus.com/authid/detail.uri?origin=resultslist&authorId=7006758479&zone=)
k Кафедра нанотехнологий и новых материалов; Факультет естественных и инженерных наук
q Полное имя Балагуров Анатолий Михайлович
u Дополнение Балагуров А. М.; Balagurov Anatoly M.
245 10 a Заглавие High-resolution neutron Fourier diffractometer with wide-aperture detector
773 18 t Название источника Journal of Applied Crystallography
b Сведения об издании John Wiley & Sons, Inc.
c United Kingdom
d Место и дата издания 2026
m Специф. данные входит в Белый список; входит в Scopus; входит в WoS; входит в ядро РИНЦ; зарубежный журнал; ненулевой импакт-фактор
x ISSN 0021-8898
g Прочая информация V. 59. - P. 426-439
w Контрольный № источника b07f0e707e8742deb52c92357f4253f6
q У1 Белый список; Q1 Scopus 2025
o Прочие индексы SJR 0.971
901 t Тип документа b
952 c Вид литературы статья в журнале